000
00283 a2200109 4500
001
73755
082
_a
808.88MAN
090
_c
38992
_d
38992
100
_a
Saadat Hasan Manto
245
_a
Wet Afternoon; Stories, Sketches, Reminiscences
260
_a
pakistan
_b
WWW.alhamra.com
_c
2001
942
_a
NUST-CAE
_k
808.88MAN
999
_c
308828
_d
308828